Szegedi énekes a rádióban

Elmentve itt :
Bibliográfiai részletek
Dokumentumtípus: Cikk
Megjelent: 1971-06-29
Sorozat:Délmagyarország 61 No. 151
Kulcsszavak:Tóth Lajos, rádió
Online Access:http://dmarchiv.bibl.u-szeged.hu/100960
LEADER 00405nab a2200145 i 4500
001 delm100960
005 20190417140246.0
008 190417s1971 hu o 0|| hun d
040 |a SZTE Délmagyarország Archívum  |b hun 
041 |a hun 
245 0 0 |a Szegedi énekes a rádióban  |h [elektronikus dokumentum] 
260 |c 1971-06-29 
300 |a 8 
490 0 |a Délmagyarország  |v 61 No. 151 
695 |a Tóth Lajos, rádió